000 03056nam a2200337 i 4500
003 AGNRD
005 20260519153845.0
007 ta
008 260519e2024 dr poc|gr|||||||10|bspapa|
020 _a9789945251296.
040 _aAGNRD
_bSpa
_cDO-SdBNP
_erda
_dBNPHU
041 _aspa
082 _aRD 781.599
_2T266c 2024
_b22
100 4 _922809
_aTejada, Darío
_eautor
245 0 _aLa crueldad alegre :
_bla música y el poder : una historia sonora de la dictadura de Trujillo /
_cDarío Tejeda ; diseño, diagramación y cubierta : Juan Francisco Domínguez Novas.
264 _aSanto Domingo, República Dominicana :
_bArchivo General de la Nación,
_c2024.
300 4 _a465 páginas :
_bilustraciones, fotografías, retratos ;
_c25.5 x 18 cm.
336 _atexto
_btxt
_2rdacontent
337 _asin mediación
_bn
_2rdamedia
338 _avolumen
_bnc
_2rdacarrier
490 _aPublicaciones del Archivo General de la Nación ;
_vvolumen 392.
500 _aIncluye biografía del autor en la solapa.
505 _aComo escuchar los ejemplos musicales de este libro, 13.-- Preludio metodológico sobre la investigación en torno a música y dictadura. Darío Tejeda, 15.-- Prefacio. ¿métodos incruentos? los placeres sensoriales de la música en una dictadura sanguinaria. Darío Tejeda, 19.-- Trujillo, el personaje : un dictador <<benefactor>> / El umbral de la era, 27.-- La dictadura, la música y el poder / Una sonata histórica, 55.-- La configuración del poder sonoro, 65.-- La puesta en escena de la música criolla dominicana, 129.-- La música criolla en la representación sonora de la nación dominicana, 161.-- Disputas musicales frente al escucha, 195.-- El poder sonoro / Las políticas musicales del poder, 231.-- La escena sinfónica y la música de conciertos, 347.-- La música, escena de contrapoder sonoro / Versiones musicales transgresoras, 387.-- Archivos investigados, lugares visitados y fuentes orales consultadas, 415.-- Bibliografía, 421.-- Índice de nombres, 441.
520 _aLa obra "La crueldad alegre: la música y el poder" de Darío Tejeda es una investigación que explora cómo la música fue utilizada como herramienta política por el régimen de Rafael Leónidas Trujillo. Tejeda, con el patrocinio del Archivo General de la Nación, analiza la relación entre cultura y poder, revelando cómo ciertos regímenes han instrumentalizado expresiones culturales para infiltrar la sociedad con políticas determinadas o para enmascararlas. La obra también destaca el papel de la música como símbolo nacional y vehículo de adhesión política, así como su uso como herramienta de persecución y resistencia.
590 _aInventariado, 2026/WG.
650 _945518
_aMúsica
_xHistoria
_zRepública Dominicana
650 _aMúsica
_xHistoria
_yEra de Trujillo, 1930-1961
_989668
651 _aRepública Dominicana
_xPolítica y gobierno
_yEra de Trujillo, 1930-1961
_9106588
700 _aDomínguez Novas, Juan Francisco
_ediseño, diagramación y cubierta.
_9102092
942 _2ddc
_cLBS1
999 _c60789
_d60789